000 00851nam a2200253Ia 4500
003 OSt
005 20220923225451.0
006 a|||||r|||| 00| 0
007 ta
008 220922b |||||||| |||| 00| 0 hin d
024 _a268,534
037 _cTextual
040 _aARTS
_cARTS
_bhin
041 _2hin
_ahin
082 _aO15,1, 152P2
100 _aरहीम; शर्मा, विष्णुदत्त
_9163541
245 0 _aगंगाष्टकम्
246 _aGangāṣhṭakam
260 _aगाजियाबाद
_b शोध प्रकाशन अकादमी
_c2002
300 _a24पृ.
_ccm.
650 _aहिन्दी साहित्य
_9156264
942 _hO15,1, 152P2
_cTEXL
_2CC
999 _c378422
_d378422